Регионална библиотека "Любен Каравелов" - Русе

Grammatik a la carte! (Запис номер 47079)

MARC детайли
000 -Лидер
Контролно поле с фиксирана дължина 01286nam a2200325 c 4500
003 - Код на организацията, давaща контролен номер
Контролно поле BLK
005 - Дата и час на последна редакция
Контролно поле 20180422101237.0
008 - Елементи от данни с фиксирана дължина
fixed length control field 180408b bul|||||r ||||||| ||bul||
010 ## - Наследен системен номер
LC control number KNG00050888000
020 ## - Международен стандартен номер на книга ISBN
Международен стандартен номер на книга ISBN 3-425-05994-7
-- издат.: Sauerlander - на том
020 ## - Международен стандартен номер на книга ISBN
Международен стандартен номер на книга ISBN 3-7941-3791-4
-- издат.: Sauerlander - на том
040 ## - Източник на каталожния запис
Идентификатор на билиотеката - собственик на записа BLK
041 ## - Код за език
Код за езика на текст/звукозапис или на отделно заглавие Немски
Код за езика КДБФ Немски
080 ## - УДК
Текстов определител УДК Немски език (високонемски, стандартен писмен)
УДК код - определител по УДК 811.112.2
УДК определител -5(075.4)
УДК - код + определител 811.112.2-5(075.4)
139 ## - Редно поле
Редна дума Grammatik a la carte!
Авторски знак Gr - G 71
245 10 - Сведения за заглавието
Заглавие Grammatik a la carte!
Подзаглавни данни Das Ubungsbuch zur Grundgrammatik Deutsch : Bd. 1-2
Редно поле (дума) авт. на том Margot Wagner.
Том Bd. 2
Заглавие на том Mittelstufe : Losungsheft
257 ## - Страна на издаване
Страна на създаване/издаване Германия
260 ## - Област на издателските данни
-- Frankfurt am Main et
Име на издателя, разпространителя и проч. Moritz Diesterweg
Година на издаване 1993
380 ## - Жанр
Жанр Езикознание. Филология
650 #4 - Допълнително описание по предмет – тема
Основно описание – тема или топоним Немски език - граматика
9 (RLIN) 244518
653 ## - Ключова дума – ненормативна
Ключова дума немски език
653 ## - Ключова дума – ненормативна
Ключова дума граматика
700 1# - Други автори (авторска отговорност)
Лично име Wagner, Margot
Автороска отговорност (Описва отношението между автора и произведението) авт. на том
9 (RLIN) 368229
760 1# - Описание на основната серия
-- - на том
Място на издаване, издател и година Sauerlander
Страници - том 63 c, 23 см.
Заглавие Bd. 2 Mittelstufe : Losungsheft
852 ## - Местоположение
Форматна сигнатура ЦБ ІІ 8565
856 4# - Електронен адрес и достъп
Електронен формат pdf - файл
Път до файла /url/
856 4# - Електронен адрес и достъп
Електронен формат pdf - файл
Път до файла /url/
942 ## - АРТИКУЛИ
Вид на библиотечния материал Книги
Скрит в OPAC Не
944 ## - СЪЗДАВАНЕ И РЕДАКЦИЯ на ЗАПИСА
Създаване/Редакция Създаване
Дата на регистрацията/редакция 01.01.1999
Служител, извършил регистрацията/редакцията Теодора_Стоянова
944 ## - СЪЗДАВАНЕ И РЕДАКЦИЯ на ЗАПИСА
Създаване/Редакция Редакция
Дата на регистрацията/редакция 24.01.2017
Служител, извършил регистрацията/редакцията Сечил_Томаш
999 ## - СИСТЕМНИ КОНТРОЛНИ НОМЕРА
Koha biblionumber 47079
Koha biblioitemnumber 47079
Наличности
Код за отписване Код за изгубен артикул Източник на класификационната схема Код за повреда Коз за рестрикции Код за отдаване Артикулен № Име на библиотеката - собственик Име на библиотеката, в която се намира в момента Статус (Текущо местоположение) Дата на вписване в системата Местоположение - отдел Цена в лева Инвентарен номер Систематично азбучна сигнатура Баркод Номер на екземпляра Цена в евро Служебна бележка Служебен тип на артикула
  Не е изгубен Universal Decimal Classification Не е повреден без рестрикции заемане за дома 74140 Регионална библиотека "Любен Каравелов" Русе Регионална библиотека "Любен Каравелов" Русе ЧЧЗО - нем. ез. - Гьоте инст. 2002-01-01 ЧЧЗО - нем. ез. - Гьоте инст. 10.00 120000906310 Ч5 803.0-5/G71 120000906310 1 5.11 Дост: Da Книги
Vip Innovations Ltd, Rousse, Bulgaria 2025